| 000 | 00733nam a22002297a 4500 | ||
|---|---|---|---|
| 001 | 60952 | ||
| 003 | BD-RjUL | ||
| 005 | 20211209080914.0 | ||
| 008 | 170104s1980 enka|||| b||| 001 0 eng d | ||
| 020 | _a0205068731 | ||
| 035 | _a(BD-RjUL)61076 | ||
| 040 |
_aBD-RjUL _beng _cBD-RjUL _dBD-RjUL |
||
| 041 | _aeng | ||
| 082 |
_223 _a378.73 _bWOC 1980 |
||
| 100 |
_aWolotkiewicz, Rita J. _9181760 |
||
| 245 |
_aCollege administrator's handbook / _cRita J. Wolotkiewicz |
||
| 260 |
_aLondon : _bAllyn and Bacon, _c1980. |
||
| 300 |
_ax, 265 p. : _bill ; _c24 cm. |
||
| 504 | _aInclude Bibliography and index. | ||
| 650 |
_aUniversities and colleges _vHandbooks, manuals, etc. _x Administration _zUnited States _9181761 |
||
| 942 |
_2ddc _cBK |
||
| 999 |
_c60952 _d60952 |
||